Teorías contemporáneas del aprendizaje /

Guardado en:
Autor Principal: Hill, Winfred F.
Formato: Libro
Publicado: Buenos Aires : Paid¢s, 1966
Materias:
Etiquetas: Agregar Etiqueta
Sin Etiquetas, Sea el primero en etiquetar este registro!
LEADER 00669nam a22002175a 4500
001 CEM.cems006827
005 20060214000000.0
008 130507s1966##################000#0#####d
003 CEMS
082 0 4 |a 370.15 
100 1 |a Hill, Winfred F. 
245 1 0 |a Teorías contemporáneas del aprendizaje / 
260 |a Buenos Aires :  |b Paid¢s,  |c 1966 
300 |a 344 p. 
653 |a Aprendizaje 
653 |a Educacion 
653 |a Psicología de la educacion 
653 |a Psicología del aprendizaje 
653 |a Psicología educativa 
859 |a CEMS  |b BIB. CEMS - 11 de abril  |h 370.15  |i H556-1  |p 395.73  |t Ej.1 
859 |a CEMS  |b BIB. CEMS - 11 de abril  |h 370.15  |i H556-1  |p 475.73  |t Ej.2